00861nam a22002057a 4500003000900000008004100009040007100050082001600121100001900137245006700156260003600223300003200259440002800291440002800319505023200347650001300579650001300592650001500605700003500620AR-CdUCM190325b ||||| |||| 00| 0 spa d aMUNICIPALIDAD PROVINCIAL DEL CUSCOcBIBLIOTECA MUNICIPAL DEL CUSCO a956 /bSC29 aSchubert, Kurt aLa comunidad del mar muerto :bsus orígenes y enseñanzas / aMéxico D. F. :bUTEHA,c1961. aXI, 185 páginas ;c17 cm. aManuales Uteha.n98/98a aHistoria sección.n10 aContenido: Los problemas del canon -- La edad de los textos -- La historia de los descubrimientos -- Las excavaciones en las ruinas del monasterio de Hirbet Qumran -- Los predecesores de la comunidad Esenia de Hirbet Qurman ... aHistoria aJudíos aMar muerto aLang, Desiderio (traducción)